| 000 | 01003nam0a22002771 4500 | ||
|---|---|---|---|
| 001 | rc\4642853 | ||
| 005 | 20130416201536.9 | ||
| 021 |
_aRU _b[66-47598] |
||
| 035 | _a(NLR Aleph) 008686448 | ||
| 090 |
_a9211439 _c9211439 |
||
| 100 | _a20130416d1966 |||y0rusy50 ca | ||
| 101 | 0 | _arus | |
| 102 | _aRU | ||
| 105 | _aa z ||||| | ||
| 200 | 1 |
_aДоктор Чулков _e[Хирург Яснополян. больницы им. Л.Н. Толстого] |
|
| 210 |
_aТула _cПриок. кн. изд-во _d1966 |
||
| 215 |
_a87 с. _cил. _d17 |
||
| 225 | 1 | _aО людях хороших | |
| 606 |
_aХирурги _yТульская область _2psbo |
||
| 700 | 1 |
_aСмирнов _bН. А. _cписатель, публицист _f1941-2017 _gНиколай Александрович _3RU\NLR\AUTH\770271184 |
|
| 702 | 1 |
_aЧулков _bИ. П. _gИгорь Петрович _4570 |
|
| 801 | 0 |
_aRU _bNLR _gpsbo |
|
| 801 | 1 |
_aRU _bELAR _2rusmarc |
|
| 852 |
_aNLR _j66-2/1782 |
||
| 942 | _cBOOK | ||
| 980 | _aNB | ||